Bruno Banani Herrendeos - Statistiken

Allgemein
  • Dieses Quiz wurde 10 mal gespielt
  • Das Durchschnittsergebnis liegt bei 3 aus 7
Antwortstatistiken
Hinweis Antwort % Korrekt
Made for… Men
75%
…Man Magic
50%
…Man Absolute
25%
Man‘s… Best
25%
…Man Loyal
25%
…Man Magnetic
25%
…Man Pure
25%
Keine übereinstimmenden Quizze gefunden
Verteilung der Resultate
Anzahl Personen mit jedem Resultat
Perzentil nach korrekt beantworteten Fragen
Ihre Resultats-Entwicklung
Sie haben dieses Quiz noch nicht gespielt